00802 a2200217 4500003000500000005001700005020001500022040000900037082001600046245013800062250001400200260002700214300001000241490000800251505009800259538002900357650004300386942001200429999001900441952012400460Nust20221208113933.0 a0471807656 cNust a621.382,MAT aMathematical Topics in Telecommunications :bVol.1 Optimisation Methods in Electronics and Communications /cEdited By K W Cattermole aVolume. 1 aNew YorkbWileyc1984. a156:p v1 : aCalculus of Variations (Page-1), Computational Methods for Nonlinear Optimization (Page-82),  aAlmirah No.36 Shelf No.6 aTelecommunications engineering.958485 2ddccBK c188549d188549 00102ddc4070aMCSbMCScGENd2016-12-12o621.382,MATpMCS27864r2016-12-08w2016-12-12yBKzAlmirah No.35,Shelf No.4